000 00936nam a2200289 i 4500
003 EG-GICUC
005 20260121101707.0
008 260109s1951 us ||||fr|||| 001 0 eng d
040 _aEG-GiCUC
_beng
_cEG-GiCUC
_dEG-GiCUC
_erda
082 0 4 _221
_a338.9
_bWI . M
092 0 4 _221
099 _aLaw1 13 338.9 WI . M 1951
100 1 _a Williams, John Henry
_eAuthor.
245 1 0 _aMoney, Trade, and Economic Growth /
_b
_cJohn Henry Williams.
264 1 _aNew York :
_bThe Macmillan Company,
_c1951.
300 _a343pages ;
_b
_c24 cm
336 _2rda content
_atext
337 _2rda media
_aComputer
338 _2rda carrier
_aOnline Resource
504 _a Includes bibliographical references and index.
546 _aText in English
650 1 4 _aPublic finance and tax legislation
_2
651 1 _2
856 4 0 _uhttps://fll.law.cu.edu.eg/fulltext/bks/B13-09204.pdf
905 _a50
942 _2ddc
_n0
_cBK
_e21
999 _c55745
_d55745